| 000 | 00452nam a22001817a 4500 | ||
|---|---|---|---|
| 005 | 20260604153152.0 | ||
| 008 | 260604b |||||||| |||| 00| 0 eng d | ||
| 020 |
_a9788199237902 _c1995.00 |
||
| 040 | _aMAIN | ||
| 041 | _aEnglish | ||
| 082 |
_a001.42 _bDIN |
||
| 100 |
_aDinesh, Kumar _925290 |
||
| 245 | _aResearch Methodology | ||
| 260 |
_aNew Delhi _bAcademic _c2026 |
||
| 300 | _a317 | ||
| 650 |
_aManagement (PM USHA) _927020 |
||
| 942 | _cBK | ||
| 999 |
_c61018 _d61018 |
||